| 000 | 00671nam a22001697a 4500 | ||
|---|---|---|---|
| 008 | 160120b xxu||||| |||| 00| 0 eng d | ||
| 020 | _a9786120018941 | ||
| 082 |
_a708 _bZ631s |
||
| 100 |
_aLopez, Miguel A. _94463 |
||
| 245 |
_aSergio Zevallos _bLa Muerte obscena : Dibujos 1982-1987 _cMiguel A. Lopez |
||
| 260 |
_aLima, Perú _bProyecto AMIL _c2015 |
||
| 300 |
_a (unpaged) _bill; col _c30 cm |
||
| 500 | _aAcompaña un libro de Textos. | ||
| 505 |
_tRosas _tQue tu carne es el cielo recién nacido _tAltares _tSangre y Ceniza. Variaciones sobre la bandera |
||
| 650 |
_2Arte Contemporaneo _aSergio Zevallos _xExhibiciones _zPerú _94464 |
||
| 700 |
_aLopez, Miguel A. _94465 |
||
| 999 |
_c821 _d821 |
||